Transzendenz, Imagination und Kreativitaet: Religion, Parapsychologie, Literatur und Kunst
| Otros Autores: | |
|---|---|
| Tipo de documento: | Print Libro |
| Lenguaje: | Alemán |
| Publicado: |
Zürich
Kindler
1979
|
| En: |
Die Psychologie des 20. Jahrhunderts (15)
Año: 1979 |
| Acceso en línea: |
Índice |
| Disponibilidad en Tübingen: | Disponible en Tübingen. UB: KB 7 A 868-15 |
| Verificar disponibilidad: | HBZ Gateway |
| Servicio de pedido Subito: | Pedir ahora. |
| Palabras clave: |
MARC
| LEADER | 00000cam a2200000 cb4500 | ||
|---|---|---|---|
| 001 | 1077589735 | ||
| 003 | DE-627 | ||
| 005 | 20260224151209.0 | ||
| 007 | tu | ||
| 008 | 850101s1979 xx ||||| 00| ||ger c | ||
| 020 | |a 3463240157 | ||
| 035 | |a (DE-627)1077589735 | ||
| 035 | |a (DE-576)007589735 | ||
| 035 | |a (DE-599)BSZ007589735 | ||
| 035 | |a (OCoLC)310464351 | ||
| 035 | |a (OCoLC)310464351 | ||
| 040 | |a DE-627 |b ger |c DE-627 |e rakwb | ||
| 041 | |a ger | ||
| 084 | |a 1 |2 ssgn | ||
| 084 | |a CM 2000 |2 rvk |0 (DE-625)rvk/18942: | ||
| 084 | |a CM 1000 |2 rvk |0 (DE-625)rvk/18940: | ||
| 245 | 0 | 0 | |a Transzendenz, Imagination und Kreativitaet |b Religion, Parapsychologie, Literatur und Kunst |c hrsg. von Gion Condrau |
| 264 | 1 | |a Zürich |b Kindler |c 1979 | |
| 300 | |a XX, 1219 S. |b Ill. | ||
| 336 | |a Text |b txt |2 rdacontent | ||
| 337 | |a ohne Hilfsmittel zu benutzen |b n |2 rdamedia | ||
| 338 | |a Band |b nc |2 rdacarrier | ||
| 490 | 1 | |a Die Psychologie des 20. [Zwanzigsten] Jahrhunderts / [Planung des Gesamtwerkes: Heinrich Balmer ...] |v 15 | |
| 500 | |a Spätere Lizenzausg. u.d.T. Psychologie der Kultur; Weinheim, Beltz-Verl., 1982 | ||
| 583 | 1 | |a Archivierung/Langzeitarchivierung gewährleistet |c 2026 |f SLG |x XA-DE-BW |2 pdager |5 DE-289 | |
| 583 | 1 | |a Archivierung/Langzeitarchivierung gewährleistet |c 20211213 |f SLG |x XA-DE-BW |z IGPP |2 pdager |5 DE-25 | |
| 583 | 1 | |a Archivierung/Langzeitarchivierung gewährleistet |f SSG |x XA-DE-BW |2 pdager |5 DE-21 | |
| 689 | 0 | 0 | |d s |0 (DE-588)4049418-4 |0 (DE-627)106187090 |0 (DE-576)20908197X |a Religionspsychologie |2 gnd |
| 689 | 0 | 1 | |d s |0 (DE-588)4044631-1 |0 (DE-627)106204823 |0 (DE-576)209061685 |a Parapsychologie |2 gnd |
| 689 | 0 | 2 | |d s |0 (DE-588)4033669-4 |0 (DE-627)104589655 |0 (DE-576)209003065 |a Kunstpsychologie |2 gnd |
| 689 | 0 | |5 (DE-627) | |
| 700 | 1 | |a Condrau, Gion |d 1919-2006 |e Hrsg. |0 (DE-588)118676725 |0 (DE-627)079460062 |0 (DE-576)209273100 |4 edt | |
| 830 | 4 | |a Die Psychologie des 20. Jahrhunderts |v 15 |9 15 |w (DE-627)1075220998 |w (DE-576)005220998 |7 am | |
| 856 | 4 | 2 | |u http://d-nb.info/800149386/04 |m V:DE-603 |q application/pdf |3 Inhaltsverzeichnis |7 1 |
| 935 | |a mteo | ||
| 936 | r | v | |a CM 2000 |b Geschichte der Psychologie |k Psychologie |k Allgemeines. Geschichte und Methodik |k Geschichte der Psychologie |0 (DE-627)1270707531 |0 (DE-625)rvk/18942: |0 (DE-576)200707531 |
| 936 | r | v | |a CM 1000 |b Allgemeine und einführende Werke |k Psychologie |k Allgemeines. Geschichte und Methodik |k Allgemeine und einführende Werke |0 (DE-627)1270708856 |0 (DE-625)rvk/18940: |0 (DE-576)200708856 |
| 951 | |a MV | ||
| ELC | |b 1 | ||
| LOK | |0 000 xxxxxcx a22 zn 4500 | ||
| LOK | |0 001 2059527570 | ||
| LOK | |0 003 DE-627 | ||
| LOK | |0 004 1077589735 | ||
| LOK | |0 005 20020606000000 | ||
| LOK | |0 008 910624||||||||||||||||ger||||||| | ||
| LOK | |0 040 |a DE-21 |c DE-627 |d DE-21 | ||
| LOK | |0 852 |a DE-21 | ||
| LOK | |0 852 1 |c KB 7 A 868-15 |9 00 | ||
| LOK | |0 935 |a krim | ||
| LOK | |0 936ln |a k8.7.1 | ||
| LOK | |0 939 |a 24-06-91 |b l01 | ||
| LOK | |0 000 xxxxxcx a22 zn 4500 | ||
| LOK | |0 001 2748484681 | ||
| LOK | |0 003 DE-627 | ||
| LOK | |0 004 1077589735 | ||
| LOK | |0 005 20240321092901 | ||
| LOK | |0 008 130606||||||||||||||||ger||||||| | ||
| LOK | |0 040 |a DE-21-110 |c DE-627 |d DE-21-110 | ||
| LOK | |0 689 |a s |a Parapsychologie | ||
| LOK | |0 689 |a s |a Kreativität | ||
| LOK | |0 689 |a s |a Kunst | ||
| LOK | |0 689 |a s |a Religion | ||
| LOK | |0 689 |a s |a Literatur | ||
| LOK | |0 852 |z Kein Bestand am IfK; Nachweis für KrimDok | ||
| LOK | |0 852 |a DE-21-110 | ||
| LOK | |0 852 1 |m v |9 00 | ||
| LOK | |0 935 |a k110 | ||
| LOK | |0 938 |k v | ||
| LOK | |0 939 |a 06-06-13 |b l01 | ||
| ORI | |a WA-MARC-krimdoka001.raw | ||
| SIG | |a UB: KB 7 A 868-15 | ||
